| 000 | 01040nam a2200229Ia 4500 | ||
|---|---|---|---|
| 005 | 20260316162316.0 | ||
| 008 | 210716s2005 xx 000 0 und d | ||
| 020 | _a8178814994 | ||
| 040 | _cAIMIT LIBRARY | ||
| 041 | _aeng | ||
| 082 |
_a001.072332 _21 _b RAMV |
||
| 245 |
_aESOPs : _ban introduction / _cEdited by V V Ramani. |
||
| 250 | _a1st ed. | ||
| 260 |
_aNew Delhi : _bICFAI University Press , _c2005. |
||
| 300 |
_aviii,204p. ; _bPB _c24 cm |
||
| 500 | _aBook Summary of ESOPs - An Introduction To give employees a legitimate stake in the company, increase their dedication to the job, and prevent them from job-hopping, the Employees Stock Ownership/Option Plans (ESOPs) were introduced. This book educates the readers on the history of ESOPs, their pros and cons, and the latest rule concerning ESOPs?"expense stock options. | ||
| 650 |
_aIntroduction _9185338 |
||
| 650 |
_aTo expense or not to _9185339 |
||
| 650 |
_aThe road ahed _9185340 |
||
| 700 |
_aRamani, V V., ed. _9185341 |
||
| 942 |
_2ddc _cBK _e1st _k001.072332 RAMV |
||
| 999 |
_c202337 _d202337 |
||